|
|
|
|
| LEADER |
00000nam0a2200000 4500 |
| 001 |
154260 |
| 005 |
20231101221742.0 |
| 010 |
|
|
|a 9785811230105
|b (в пер.)
|b 3000 экз.
|
| 021 |
|
|
|a RU
|b 08-18137
|9 08-990
|
| 035 |
|
|
|a (RuTPU)RU\TPU\book\167327
|
| 090 |
|
|
|a 154260
|
| 100 |
|
|
|a 20080422d2008 k u0rusy5002 ca
|
| 101 |
0 |
|
|a rus
|
| 102 |
|
|
|a RU
|
| 105 |
|
|
|a a z 000yd
|
| 200 |
1 |
|
|a Сибирь, союзники и Колчак. Поворотный момент русской истории, 1918-1920 гг.: впечатления и мысли члена Омского Правительства
|f Г. К. Гинс
|
| 210 |
|
|
|a Москва
|c Айрис-пресс
|d 2008
|
| 215 |
|
|
|a 670, [1] с., [12] л. ил.
|c ил.
|d 22 см.
|
| 225 |
1 |
|
|a Белая Россия
|
| 320 |
|
|
|a Указ. имен: с. 653-664.
|
| 327 |
0 |
|
|a В прил. включ. арх. док.
|
| 330 |
|
|
|a Воспоминания члена Омского Правительства профессора Г. К. Гинса (1887—1971) были написаны в 1920 г. по горячим следам событий Гражданской войны в Сибири. Автор подробно анализирует расстановку политических сил и деятельность правительственных структур, осуществлявших государственное управление на территории Белой Сибири и Дальнего Востока в 1918—1920 гг. Центральное место в книге занимает фигура Верховного Правителя России адмирала А. В. Колчака, пытавшегося спасти российскую государственность в условиях Гражданской войны, экономической разрухи и дезориентирующей деятельности военных миссий союзников, преследовавших собственные цели. Капитальный труд Г. К. Гинса, снабженный многочисленными фотографиями, до сих пор остается ценнейшим источником информации по истории Гражданской войны. Текст книги воспроизводится по авторскому изданию (Харбин—Пекин, 1921). В дополнение к нему впервые публикуются некоторые материалы из личного архива Г. К. Гинса, хранящегося в Музее русской культуры в Сан-Франциско (США).
|
| 600 |
|
1 |
|a Колчак
|g Александр Васильевич
|b А. В.
|c российский военачальник
|c полярный исследователь
|f 1873-1920
|2 stltpush
|3 (RuTPU)RU\TPU\pers\1131
|
| 600 |
|
1 |
|a Гинс
|b Г. К.
|c российский юрист
|c публицист
|f 1887-1974
|g Георгий Константинович
|2 stltpush
|3 (RuTPU)RU\TPU\pers\18837
|9 7074
|
| 606 |
1 |
|
|a Белое движение
|2 stltpush
|3 (RuTPU)RU\TPU\subj\66217
|9 82430
|
| 610 |
1 |
|
|a Гражданская война 1918-1921
|
| 610 |
1 |
|
|a Россия
|
| 610 |
1 |
|
|a история
|
| 610 |
1 |
|
|a 20 век
|
| 610 |
1 |
|
|a Сибирь
|
| 610 |
1 |
|
|a большевизм
|
| 610 |
1 |
|
|a антибольшевистские правительства
|
| 610 |
1 |
|
|a Сибирское Правительство
|
| 610 |
1 |
|
|a Западно-Сибирский Комиссариат
|
| 610 |
1 |
|
|a Омск
|
| 610 |
1 |
|
|a Уфимское совещание
|
| 610 |
1 |
|
|a Директория
|
| 610 |
1 |
|
|a иностранная интервенция
|
| 686 |
|
|
|a Т3(2)612-414.8
|v LBC/SL-A
|2 rubbk
|
| 700 |
|
1 |
|a Гинс
|b Г. К.
|g Георгий Константинович
|4 070
|
| 801 |
|
1 |
|a RU
|b 63413507
|c 20090225
|g PSBO
|
| 801 |
|
2 |
|a RU
|b 63413507
|c 20090826
|g PSBO
|
| 942 |
|
|
|c BK
|
| 959 |
|
|
|a 30/20090218
|d 1
|e 389,62
|f ЧЗГЛ:1
|